| 000 | 01354cam a22002054a 4500 | ||
|---|---|---|---|
| 005 | 20250605164242.0 | ||
| 008 | 250528s ||||||||||||||||||||||||d | ||
| 035 | _a21346 | ||
| 020 | _a9789605014339 | ||
| 040 |
_aGR-AtMCL _bgre _dGR-AtMCL _eAACR2 |
||
| 245 | 1 | _aΤι θα Έκανε η Google; | |
| 250 | _a1η | ||
| 260 |
_bΜεταίχμιο, _c2011 |
||
| 300 | _a440 | ||
| 520 | _aΈνα εξαιρετικό βιβλίο που συλλαμβάνει τις τεράστιες αλλαγές που φέρνει το διαδίκτυο. Προλογικό Σημείωμα, TΘEHG;, Η Google στο Τιμόνι, Νέα Σχέση, Νέα Αρχιτεκτονική, Νέα Δημοσιότητα, Νέα Οικονομία, Νέα Επιχειρηματική Πραγματικότητα, Νέα Συμπεριφορά, Νέα Ηθική, Νέα Ταχύτητα, Νέες Προστακτικές, Εάν η Google Κυβερνούσε τον Κόσμο, Μέσα, Διαφήμιση, Λιανεμπόριο, Επιχειρήσεις Κοινής Ωφέλειας, Βιομηχανική Παραγωγή, Υπηρεσίες, Χρήμα, Κράτος Πρόνοιας, Δημόσιοι Οργανισμοί, Εξαιρέσεις, Η Γενιά G. | ||
| 700 | 1 |
_aJarvis Jeff _97406 |
|
| 942 | _cBK | ||
| 999 |
_c6411 _d6411 |
||